| 000 | 00587nam a22001817a 4500 | ||
|---|---|---|---|
| 999 |
_c12473 _d12473 |
||
| 008 | 190125b ||||| |||| 00| 0 eng d | ||
| 020 | _a971-542-921-8 | ||
| 082 |
_22001 _aDFil 899.211 _bP53 |
||
| 245 |
_aA legend of Mt. Apo (Bagobo)/ _cDamiana Eugenio [Compiler and Editor] |
||
| 260 |
_aQuezon City: _bUP Press; _cc2001. |
||
| 300 |
_aPage 200-202; _c22.5 cm. |
||
| 500 | _aPhilippine folk literature: The myths | ||
| 650 |
_aMythology _935167 |
||
| 650 |
_aLegends _935168 |
||
| 650 |
_aPhilippine folk literature (English) _935169 |
||
| 650 |
_aFolklore _935170 |
||
| 942 |
_2ddc _cDFIL |
||